[Event "Polanica Zdroj op-B 49th"]
[Site "Polanica Zdroj"]
[Date "2013.08.??"]
[Round "7"]
[White "Rozycki, Bartlomiej"]
[Black "Szusterowski, Przemyslaw"]
[Result "1-0"]
[WhiteElo "2064"]
[BlackElo "1934"]
[PlyCount "105"]
[EventDate "2013.08.17"]
[EventType "swiss"]
[EventRounds "9"]
[EventCountry "POL"]
[SourceTitle "CBM 156 Extra"]
[Source "ChessBase"]
[SourceDate "2013.10.22"]
[SourceVersion "1"]
[SourceVersionDate "2013.10.22"]
[SourceQuality "1"]

1. e4 c5 2. Nf3 d6 3. d4 cxd4 4. Nxd4 Nf6 5. Nc3 a6 6. f4 e6 7. Bd3 Nbd7 8. 0-0 Be7 9. a4 Nc5 10. Kh1 Nxd3 11. cxd3 e5 12. fxe5 dxe5 13. Nf5 Bxf5 14. Rxf5 Qd6 15. Bg5 g6 16. Bxf6 Bxf6 17. Rf2 0-0 18. Nd5 Bg7 19. Qb3 Rab8 20. a5 Kh8 21. Rc1 f5 22. Rcf1 Qc5 23. Qb6 Qxb6 24. Nxb6 fxe4 25. Rxf8+ Rxf8 26. Rxf8+ Bxf8 27. dxe4 Bc5 28. Nc4 Bd4 29. g3 Kg7 30. Kg2 Kf6 31. Kf3 Ke6 32. Ke2 h5 33. h3 Kd7 34. Kd3 Kc6 35. b3 Kd7 36. g4 hxg4 37. hxg4 Kc6 38. Nd2 Ba1 39. Nf3 Kb5 40. Nh4 g5 41. Nf3 Kxa5 42. Nxg5 Kb5 43. Ne6 Kc6 44. g5 Kd6 45. Nd8 Ke7 46. Nxb7 Bb2 47. Nc5 a5 48. Nb7 Bc1 49. g6 Kf6 50. Nxa5 Kxg6 51. Kc4 Kg5 52. Kd5 Bd2 53. Nc6 1-0

[Event "Polanica Zdroj op-B 49th"]
[Site "Polanica Zdroj"]
[Date "2013.08.??"]
[Round "6"]
[White "Szusterowski, Przemyslaw"]
[Black "Jurkiewicz, Krzysztof"]
[Result "0-1"]
[WhiteElo "1934"]
[BlackElo "2105"]
[PlyCount "74"]
[EventDate "2013.08.17"]
[EventType "swiss"]
[EventRounds "9"]
[EventCountry "POL"]
[SourceTitle "CBM 156 Extra"]
[Source "ChessBase"]
[SourceDate "2013.10.22"]
[SourceVersion "1"]
[SourceVersionDate "2013.10.22"]
[SourceQuality "1"]

1. d4 Nf6 2. c4 g6 3. Nc3 Bg7 4. e4 d6 5. Nf3 0-0 6. Be2 e5 7. Be3 exd4 8. Nxd4 Re8 9. f3 Nc6 10. 0-0 Nh5 11. f4 Nf6 12. Bf3 Bg4 13. Nxc6 Bxf3 14. Qxf3 bxc6 15. f5 Nxe4 16. f6 Qxf6 17. Qxe4 Qxf1+ 18. Rxf1 Rxe4 19. Nxe4 Re8 20. Rf4 f5 21. Nxd6 Rxe3 22. Nc8 Re8 23. Nxa7 Bh6 24. Rf3 Be3+ 25. Rxe3 Rxe3 26. Kf2 Re6 27. c5 Kf7 28. b4 Ke8 29. a4 Kd7 30. Kf3 Re4 31. b5 cxb5 32. axb5 Rc4 33. Nc6 Rxc5 34. Nd4 Kd6 35. h3 Rc4 36. Ke3 Kd5 37. Ne2 Re4+ 0-1

[Event "Polanica Zdroj op-B 49th"]
[Site "Polanica Zdroj"]
[Date "2013.08.??"]
[Round "8"]
[White "Szusterowski, Przemyslaw"]
[Black "Witwicki, Pawel"]
[Result "1-0"]
[WhiteElo "1934"]
[BlackElo "1931"]
[PlyCount "87"]
[EventDate "2013.08.17"]
[EventType "swiss"]
[EventRounds "9"]
[EventCountry "POL"]
[SourceTitle "CBM 156 Extra"]
[Source "ChessBase"]
[SourceDate "2013.10.22"]
[SourceVersion "1"]
[SourceVersionDate "2013.10.22"]
[SourceQuality "1"]

1. d4 g6 2. c4 Bg7 3. Nc3 c5 4. d5 Bxc3+ 5. bxc3 f5 6. Nf3 Nf6 7. Bf4 Qa5 8. Qc2 d6 9. e3 Ne4 10. Rc1 Nd7 11. Bd3 Nb6 12. Bh6 Na4 13. 0-0 Rg8 14. Bxe4 fxe4 15. Ng5 Qa6 16. Qxe4 Bf5 17. Qf4 0-0-0 18. Nf7 Rde8 19. e4 Bd7 20. e5 Nb2 21. exd6 Nd3 22. Qe3 Nxc1 23. Qxc5+ Kb8 24. Qc7+ Ka8 25. Rxc1 Bc8 26. d7 Bxd7 27. Qxd7 g5 28. Rb1 Rb8 29. Qf5 Qxc4 30. Bxg5 Qxc3 31. Bxe7 Rg7 32. d6 Qc4 33. Ng5 Qc6 34. g3 a6 35. Ne6 Rgg8 36. Rd1 Qa4 37. Qd5 Qd7 38. Nc7+ Ka7 39. Qd4+ b6 40. Qc4 b5 41. Qc5+ Kb7 42. Qa3 Qc6 43. Rc1 Qb6 44. Nd5 1-0

[Event "POL Region-ch U17"]
[Site "Szczyrk"]
[Date "2012.10.21"]
[Round "6.6"]
[White "Szusterowski, Przemyslaw"]
[Black "Drela, Michal"]
[Result "1-0"]
[WhiteElo "1949"]
[BlackElo "1620"]
[PlyCount "109"]
[EventDate "2012.10.14"]
[EventType "swiss"]
[EventRounds "9"]
[EventCountry "POL"]
[SourceTitle "EXT 2023"]
[Source "ChessBase"]
[SourceDate "2022.10.05"]
[SourceVersion "1"]
[SourceVersionDate "2022.10.05"]
[SourceQuality "1"]

1. d4 d5 2. c4 c6 3. Nf3 Nf6 4. Nc3 e6 5. cxd5 exd5 6. Bg5 Be7 7. e3 Bf5 8. Be2 Nbd7 9. 0-0 h6 10. Bf4 0-0 11. a3 Ne4 12. Nxe4 Bxe4 13. b4 a6 14. Qb3 Nf6 15. Ne5 Bd6 16. a4 Bf5 17. b5 Bxe5 18. Bxe5 Ne4 19. Qb2 axb5 20. axb5 Qb6 21. Bd3 Ng3 22. Bxf5 Nxf5 23. Qc2 Nh4 24. bxc6 bxc6 25. Rab1 Qa6 26. Rfc1 Rfc8 27. Qc5 Ng6 28. Bg3 Nf8 29. h3 Ne6 30. Qd6 Ng5 31. Qd7 Qa2 32. Rb7 Qa3 33. Rxc6 Rxc6 34. Qxc6 Qa2 35. Qc7 Qa5 36. Qxa5 Rxa5 37. Rc7 Ne4 38. Rc2 Kh7 39. Kh2 Kg6 40. f3 Nf6 41. Rc6 Kf5 42. Be5 Ra3 43. g4+ Kg6 44. e4 Rxf3 45. exd5 Kg5 46. Bxf6+ Rxf6 47. Kg3 Kg6 48. d6 Kh7 49. d7 Rxc6 50. d8Q Rc3+ 51. Kf4 f6 52. d5 g5+ 53. Kf5 Rf3+ 54. Ke6 h5 55. Kf7 1-0

[Event "POL Region-ch U17"]
[Site "Szczyrk"]
[Date "2012.10.21"]
[Round "8.8"]
[White "Szusterowski, Przemyslaw"]
[Black "Kopel, Wojciech"]
[Result "1-0"]
[WhiteElo "1949"]
[BlackElo "1521"]
[PlyCount "75"]
[EventDate "2012.10.14"]
[EventType "swiss"]
[EventRounds "9"]
[EventCountry "POL"]
[SourceTitle "EXT 2023"]
[Source "ChessBase"]
[SourceDate "2022.10.05"]
[SourceVersion "1"]
[SourceVersionDate "2022.10.05"]
[SourceQuality "1"]

1. d4 d5 2. c4 c6 3. Nc3 Bf5 4. Nf3 Nf6 5. e3 e6 6. Be2 Bd6 7. 0-0 0-0 8. Nh4 Bg6 9. Nxg6 fxg6 10. Rb1 Qe7 11. a3 Re8 12. b4 e5 13. cxd5 Nxd5 14. Bc4 Kh8 15. Nxd5 cxd5 16. Bxd5 exd4 17. Qxd4 Nc6 18. Bxc6 bxc6 19. Bb2 Rad8 20. Qg4 Be5 21. Bxe5 Qxe5 22. Rfd1 Qc3 23. Qg5 Rc8 24. a4 Qc2 25. Rbc1 Qxa4 26. Rd4 Qb5 27. Qg3 Qf5 28. Rcd1 h6 29. h4 Rf8 30. Rd7 Rf7 31. Rxf7 Qxf7 32. Rd6 Kh7 33. e4 c5 34. bxc5 Rxc5 35. e5 Rc1+ 36. Kh2 Re1 37. h5 g5 38. Qd3+ 1-0

[Event "Polanica Zdroj op-B 48th"]
[Site "Polanica Zdroj"]
[Date "2012.08.21"]
[Round "4"]
[White "Ociepka, Tomasz"]
[Black "Szusterowski, Przemyslaw"]
[Result "0-1"]
[WhiteElo "1885"]
[BlackElo "1919"]
[PlyCount "88"]
[EventDate "2012.08.18"]
[EventType "swiss"]
[EventRounds "9"]
[EventCountry "POL"]
[SourceTitle "EXT 2014"]
[Source "ChessBase"]
[SourceDate "2013.11.20"]
[SourceVersion "1"]
[SourceVersionDate "2013.11.20"]
[SourceQuality "1"]

1. e4 c5 2. Nf3 d6 3. d4 cxd4 4. Nxd4 Nf6 5. Nc3 a6 6. Bc4 e6 7. Bb3 Be7 8. a4 0-0 9. 0-0 Nc6 10. Be3 Qc7 11. Qe2 g6 12. f4 e5 13. Nf3 Bg4 14. Rad1 exf4 15. Bxf4 Ne5 16. Rd2 Rab8 17. Re1 h5 18. Qf1 b5 19. axb5 axb5 20. Nxe5 dxe5 21. Bg5 b4 22. Bxf6 bxc3 23. bxc3 Qb6+ 24. Kh1 Qxf6 25. Rf2 Qg7 26. h3 Be6 27. Rb1 Bxb3 28. cxb3 Qh6 29. Qe2 Rbd8 30. Qf3 Bc5 31. Re2 Qf4 32. Qxf4 exf4 33. b4 Be3 34. g3 Rd3 35. gxf4 Bxf4 36. Kg2 Rxc3 37. b5 Rg3+ 38. Kf2 Rxh3 39. b6 Rb8 40. Rbb2 Be5 41. Rb5 Rh2+ 42. Kf3 Rxe2 43. Kxe2 f6 44. Kf3 Kf7 0-1

[Event "POL-chT U19 2nd League"]
[Site "Borowice"]
[Date "2012.07.22"]
[Round "2"]
[White "Majas, Piotr"]
[Black "Szusterowski, Przemyslaw"]
[Result "0-1"]
[WhiteElo "1783"]
[BlackElo "1910"]
[PlyCount "64"]
[EventDate "2012.07.21"]
[EventType "team-swiss"]
[EventRounds "11"]
[EventCountry "POL"]
[SourceTitle "EXT 2014"]
[Source "ChessBase"]
[SourceDate "2013.11.20"]
[SourceVersion "1"]
[SourceVersionDate "2013.11.20"]
[SourceQuality "1"]
[WhiteTeam "Kalisz KTS U19"]
[BlackTeam "Chorzowskie Towarzystwo Szachowe U19"]
[WhiteTeamCountry "POL"]
[BlackTeamCountry "POL"]

1. c4 Nf6 2. Nc3 g6 3. g3 Bg7 4. Bg2 d6 5. Nf3 c5 6. 0-0 0-0 7. d4 Nc6 8. d5 Na5 9. Qd3 a6 10. Bd2 Rb8 11. e4 b5 12. cxb5 axb5 13. Rfe1 b4 14. Nd1 Nd7 15. Rc1 c4 16. Qe3 Nc5 17. Bf1 Ba6 18. e5 Qc7 19. exd6 Qxd6 20. Qxe7 Qxd5 21. Be3 Nd3 22. Bg2 Nxe1 23. Nxe1 Qe6 24. Qxe6 fxe6 25. Bf4 Rb5 26. Bh3 Bc8 27. Be3 Rd8 28. Nf3 Rbd5 29. Nd2 Rxd2 30. Bxd2 Rxd2 31. Ne3 Bxb2 32. Re1 c3 0-1

[Event "POL-ch U16"]
[Site "Murzasichle"]
[Date "2011.03.11"]
[Round "8"]
[White "Eggink, Mateusz"]
[Black "Szusterowski, Przemyslaw"]
[Result "0-1"]
[WhiteElo "1963"]
[BlackElo "1895"]
[PlyCount "78"]
[EventDate "2011.03.05"]
[EventType "swiss"]
[EventRounds "9"]
[EventCountry "POL"]
[SourceTitle "EXT 2012"]
[Source "ChessBase"]
[SourceDate "2011.11.24"]
[SourceVersion "1"]
[SourceVersionDate "2011.11.24"]
[SourceQuality "1"]

1. e4 c5 2. Nf3 d6 3. d4 cxd4 4. Nxd4 Nf6 5. Nc3 a6 6. Bg5 e6 7. f4 Be7 8. Qf3 Qc7 9. 0-0-0 Nbd7 10. g4 b5 11. Bg2 Bb7 12. Bxf6 Nxf6 13. g5 Nd7 14. Qh5 g6 15. Qg4 b4 16. Nce2 Rc8 17. Rd2 Nc5 18. Kb1 Nxe4 19. Bxe4 Bxe4 20. Re1 Bc6 21. Ng3 Bd7 22. h4 e5 23. Qe2 0-0 24. fxe5 dxe5 25. Nb3 Rfe8 26. Qf2 a5 27. Rd5 a4 28. Rdxe5 Bd6 29. Rxe8+ Rxe8 30. Rxe8+ Bxe8 31. Qe3 axb3 32. Qxe8+ Kg7 33. Nf5+ gxf5 34. axb3 Qe7 35. Qb5 Qe5 36. Qd7 Be7 37. Qe8 f4 38. h5 Qxg5 39. h6+ Kxh6 0-1

[Event "POL-ch U16"]
[Site "Murzasichle"]
[Date "2011.03.05"]
[Round "1"]
[White "Nowicki, Bartosz"]
[Black "Szusterowski, Przemyslaw"]
[Result "1-0"]
[WhiteElo "2128"]
[BlackElo "1895"]
[PlyCount "41"]
[EventDate "2011.03.05"]
[EventType "swiss"]
[EventRounds "9"]
[EventCountry "POL"]
[SourceTitle "EXT 2012"]
[Source "ChessBase"]
[SourceDate "2011.11.24"]
[SourceVersion "1"]
[SourceVersionDate "2011.11.24"]
[SourceQuality "1"]

1. e4 c5 2. Nf3 d6 3. d4 cxd4 4. Nxd4 Nf6 5. Nc3 a6 6. Bg5 e6 7. f4 Be7 8. Qf3 0-0 9. 0-0-0 Qc7 10. Qg3 Nh5 11. Qh4 Bxg5 12. fxg5 g6 13. Be2 Ng7 14. Rd3 Ne8 15. Rf1 Qe7 16. e5 dxe5 17. Ne4 Nd7 18. Nf6+ Ndxf6 19. gxf6 Qc5 20. Qh6 Qa5 21. Rh3 1-0

[Event "Polanica Zdroj op-B 46th"]
[Site "Polanica Zdroj"]
[Date "2010.08.23"]
[Round "6"]
[White "Cyboran, Katarzyna"]
[Black "Szusterowski, Przemyslaw"]
[Result "0-1"]
[WhiteElo "1777"]
[BlackElo "1837"]
[PlyCount "62"]
[EventDate "2010.08.18"]
[EventType "swiss"]
[EventRounds "9"]
[EventCountry "POL"]
[SourceTitle "CBM 138 Extra"]
[Source "ChessBase"]
[SourceDate "2010.10.29"]
[SourceVersion "1"]
[SourceVersionDate "2010.10.29"]
[SourceQuality "1"]

1. e4 c5 2. Nf3 d6 3. d4 cxd4 4. Nxd4 Nf6 5. Nc3 a6 6. Bg5 e6 7. Qd2 Be7 8. 0-0-0 0-0 9. f4 Nbd7 10. Be2 Qc7 11. g4 b5 12. Bxf6 Nxf6 13. g5 b4 14. Nd5 exd5 15. gxf6 Bxf6 16. exd5 Qc5 17. Nc6 a5 18. Bd3 Bd7 19. Be4 Qc4 20. Qd3 Qxa2 21. Nd4 Qa1+ 22. Kd2 Qxb2 23. Ne2 Rac8 24. Rb1 Qa2 25. Bxh7+ Kh8 26. Rb3 Rfe8 27. Rg1 g6 28. Bxg6 fxg6 29. Nc1 Bc3+ 30. Kd1 Bg4+ 31. Ne2 Qa1+ 0-1

[Event "Polanica Zdroj op-B 46th"]
[Site "Polanica Zdroj"]
[Date "2010.08.19"]
[Round "2"]
[White "Wianecki, Mateusz"]
[Black "Szusterowski, Przemyslaw"]
[Result "0-1"]
[WhiteElo "1677"]
[BlackElo "1837"]
[PlyCount "158"]
[EventDate "2010.08.18"]
[EventType "swiss"]
[EventRounds "9"]
[EventCountry "POL"]
[SourceTitle "CBM 138 Extra"]
[Source "ChessBase"]
[SourceDate "2010.10.29"]
[SourceVersion "1"]
[SourceVersionDate "2010.10.29"]
[SourceQuality "1"]

1. b3 d5 2. Bb2 Nd7 3. e3 e5 4. c4 c6 5. Nf3 Bd6 6. d3 Ngf6 7. Nc3 0-0 8. Be2 Qc7 9. cxd5 cxd5 10. Rc1 Qa5 11. 0-0 b5 12. Qd2 Qb6 13. Rc2 Bb7 14. Rfc1 Rac8 15. d4 e4 16. Nh4 a6 17. Nf5 Rfe8 18. Nxd6 Qxd6 19. Nb1 Rxc2 20. Rxc2 b4 21. Qc1 Nb6 22. Nd2 h6 23. Nf1 Rc8 24. Rc5 Nfd7 25. Rxc8+ Nxc8 26. Bg4 Bc6 27. a3 a5 28. axb4 axb4 29. Qc2 Ne7 30. Bc1 Bb5 31. Ng3 Bd3 32. Qd1 Qc7 33. Bd2 Nf6 34. Be2 Bxe2 35. Qxe2 Qb6 36. Qe1 Nc6 37. Ne2 Qa6 38. Nc1 Qa3 39. Qd1 Qb2 40. Qe1 Ne8 41. Qd1 Nc7 42. Ne2 Nb5 43. Qc1 Qxb3 44. Be1 Nba7 45. Nf4 Qa3 46. Qxa3 bxa3 47. Nxd5 a2 48. Bc3 Nb5 49. Ba1 Na3 50. Nc3 Nc2 51. Bb2 a1Q+ 52. Bxa1 Nxa1 53. Nxe4 Kf8 54. Kf1 Ke7 55. Ke2 f5 56. Nc5 Nc2 57. Kd2 N2b4 58. h3 h5 59. g3 Nd5 60. Ke2 Nc3+ 61. Kd3 Nd5 62. Kc2 Kf6 63. f3 g6 64. Kd3 Nd8 65. e4 Nb6 66. d5 Nf7 67. Kd4 fxe4 68. Nxe4+ Kf5 69. Kc5 Nd7+ 70. Kd4 Ng5 71. g4+ hxg4 72. fxg4+ Kf4 73. Nf2 Kf3 74. h4 Kxf2 75. h5 Nf3+ 76. Ke4 Nf6+ 77. Kf4 Nxd5+ 78. Ke4 Nf6+ 79. Kf4 Nxh5+ 0-1

[Event "POL-chT U19 2nd League"]
[Site "Chelm Lubelski"]
[Date "2010.07.09"]
[Round "5"]
[White "Szusterowski, Przemyslaw"]
[Black "Grzeskow, Adrian"]
[Result "1-0"]
[WhiteElo "1837"]
[BlackElo "1829"]
[PlyCount "36"]
[EventDate "2010.07.06"]
[EventType "team-tourn"]
[EventRounds "11"]
[EventCountry "POL"]
[SourceTitle "EXT 2011"]
[Source "ChessBase"]
[SourceDate "2010.11.26"]
[SourceVersion "1"]
[SourceVersionDate "2010.11.26"]
[SourceQuality "1"]
[WhiteTeam "Chorzowskie Towarzystwo Szachowe"]
[BlackTeam "Bogatynia UKS SP3 U19"]
[WhiteTeamCountry "POL"]
[BlackTeamCountry "POL"]

1. d4 Nf6 2. Nf3 g6 3. e3 Bg7 4. b3 0-0 5. Bb2 d6 6. Bd3 c5 7. 0-0 cxd4 8. exd4 d5 9. Nbd2 Nc6 10. a3 Nh5 11. Re1 Nf4 12. Nf1 Re8 13. Rc1 Qb6 14. c3 Bf6 15. Ne5 Be6 16. c4 Nxe5 17. dxe5 Bg7 18. c5 Qc7 1-0

[Event "Polanica Zdroj op-B 45th"]
[Site "Polanica Zdroj"]
[Date "2009.08.24"]
[Round "7"]
[White "Usatiuk, Igor"]
[Black "Szusterowski, Przemyslaw"]
[Result "0-1"]
[WhiteElo "2061"]
[BlackElo "1750"]
[PlyCount "62"]
[EventDate "2009.08.18"]
[EventType "swiss"]
[EventRounds "10"]
[EventCountry "POL"]
[SourceTitle "CBM 131 Extra"]
[Source "ChessBase"]
[SourceDate "2009.09.03"]
[SourceVersion "2"]
[SourceVersionDate "2009.09.16"]
[SourceQuality "1"]

1. d4 Nf6 2. c4 c5 3. d5 e6 4. Nc3 exd5 5. cxd5 d6 6. Nf3 g6 7. e4 Bg7 8. Bb5+ Nbd7 9. a4 a6 10. Bd3 0-0 11. Bg5 Qc7 12. Qe2 Re8 13. 0-0 Nb6 14. Nd2 Nbxd5 15. Nxd5 Nxd5 16. Qf3 Nb4 17. Bc4 Be6 18. Qb3 Bxc4 19. Qxc4 Qc6 20. Be3 Bxb2 21. Rab1 Bg7 22. Rfc1 Qxa4 23. Bf4 Rad8 24. Qe2 Nd5 25. Bg5 Nc3 26. Rxc3 Bxc3 27. Bxd8 Rxd8 28. Nc4 b5 29. Nb6 Qd4 30. Nd5 Re8 31. h3 Qxd5 0-1

[Event "Polanica Zdroj op-B 45th"]
[Site "Polanica Zdroj"]
[Date "2009.08.22"]
[Round "5"]
[White "Koscielny, Edmond"]
[Black "Szusterowski, Przemyslaw"]
[Result "0-1"]
[WhiteElo "1900"]
[BlackElo "1750"]
[PlyCount "36"]
[EventDate "2009.08.18"]
[EventType "swiss"]
[EventRounds "10"]
[EventCountry "POL"]
[SourceTitle "CBM 131 Extra"]
[Source "ChessBase"]
[SourceDate "2009.09.03"]
[SourceVersion "2"]
[SourceVersionDate "2009.09.16"]
[SourceQuality "1"]

1. f4 e5 2. fxe5 d6 3. exd6 Bxd6 4. Nf3 g5 5. g3 g4 6. Nh4 Ne7 7. d4 Ng6 8. Nxg6 hxg6 9. Qd3 Nc6 10. c3 Qe7 11. Bg2 Bd7 12. e4 0-0-0 13. Be3 Rxh2 14. e5 Rxg2 15. exd6 Qxd6 16. Bf4 Qd5 17. Rf1 Re8+ 18. Kd1 Bf5 0-1

[Event "Polanica Zdroj op-B 45th"]
[Site "Polanica Zdroj"]
[Date "2009.08.19"]
[Round "2"]
[White "Szusterowski, Przemyslaw"]
[Black "Kwasniewski, Pawel"]
[Result "1-0"]
[WhiteElo "1750"]
[BlackElo "1470"]
[PlyCount "45"]
[EventDate "2009.08.18"]
[EventType "swiss"]
[EventRounds "10"]
[EventCountry "POL"]
[SourceTitle "CBM 131 Extra"]
[Source "ChessBase"]
[SourceDate "2009.09.03"]
[SourceVersion "2"]
[SourceVersionDate "2009.09.16"]
[SourceQuality "1"]

1. e4 d5 2. exd5 Qxd5 3. Nc3 Qa5 4. d4 Bf5 5. Bc4 e6 6. Nf3 Bd6 7. Bd2 c6 8. 0-0 Qc7 9. Re1 Nf6 10. Bg5 Nbd7 11. d5 cxd5 12. Nb5 Qb8 13. Bxd5 0-0 14. Nxd6 Qxd6 15. Bxb7 Qxd1 16. Raxd1 Rab8 17. Bc6 e5 18. Nxe5 Nxe5 19. Rxe5 Bxc2 20. Rde1 Rfd8 21. h3 Bg6 22. b3 Rd2 23. Bxd2 1-0

[Event "Pszczyna op"]
[Site "Pszczyna"]
[Date "2009.07.18"]
[Round "8"]
[White "Borys, Jacek"]
[Black "Szusterowski, Przemyslaw"]
[Result "1-0"]
[WhiteElo "1972"]
[BlackElo "1750"]
[PlyCount "83"]
[EventDate "2009.07.14"]
[EventType "swiss"]
[EventRounds "9"]
[EventCountry "POL"]
[SourceTitle "CBM 131 Extra"]
[Source "ChessBase"]
[SourceDate "2009.09.03"]
[SourceVersion "2"]
[SourceVersionDate "2009.09.16"]
[SourceQuality "1"]

1. e4 c5 2. c3 d5 3. exd5 Qxd5 4. d4 cxd4 5. cxd4 Nc6 6. Nf3 Bg4 7. Nc3 Qd8 8. d5 Bxf3 9. gxf3 Ne5 10. Bf4 Nd7 11. Nb5 Rc8 12. Rc1 e5 13. d6 Rxc1 14. Bxc1 Qb6 15. Be3 Qa5+ 16. Bd2 Qb6 17. Bb4 a6 18. Nc7+ Kd8 19. a3 a5 20. Nd5 Qc6 21. Bxa5+ b6 22. Nxb6 Nxb6 23. Qb3 Bxd6 24. Qxb6+ Qxb6 25. Bxb6+ Ke7 26. b4 Nf6 27. Bd3 Nd5 28. Ba5 Rc8 29. Kd2 Nf4 30. Ba6 Ra8 31. Bc4 Ne6 32. Bxe6 Kxe6 33. Kc3 Rc8+ 34. Kb3 Kf5 35. Rd1 Be7 36. b5 Rb8 37. a4 Rb7 38. Rc1 Bd6 39. Rc6 Bf8 40. Bb4 Bxb4 41. Kxb4 Kf4 42. Rc3 1-0

[Event "Pszczyna op"]
[Site "Pszczyna"]
[Date "2009.07.16"]
[Round "4"]
[White "Szczecina, Kamil"]
[Black "Szusterowski, Przemyslaw"]
[Result "0-1"]
[WhiteElo "1712"]
[BlackElo "1750"]
[PlyCount "82"]
[EventDate "2009.07.14"]
[EventType "swiss"]
[EventRounds "9"]
[EventCountry "POL"]
[SourceTitle "CBM 131 Extra"]
[Source "ChessBase"]
[SourceDate "2009.09.03"]
[SourceVersion "2"]
[SourceVersionDate "2009.09.16"]
[SourceQuality "1"]

1. e4 c5 2. Nf3 Nc6 3. d4 cxd4 4. Nxd4 Nf6 5. Nc3 e6 6. a3 Be7 7. Be3 0-0 8. Be2 a6 9. 0-0 Qc7 10. f4 d6 11. Kh1 e5 12. Nxc6 bxc6 13. fxe5 dxe5 14. Bc4 a5 15. Qe2 Rb8 16. b3 Bg4 17. Qf2 Bh5 18. h3 Bg6 19. Qf3 Rbd8 20. g4 h6 21. h4 h5 22. gxh5 Nxh5 23. Rg1 Kh7 24. Qg2 Rd6 25. Be2 Rg8 26. Raf1 Rf6 27. Bg5 Rxf1 28. Bxf1 Bc5 29. Be2 Bxg1 30. Kxg1 Qb6+ 31. Kf1 Qd4 32. Qf3 Re8 33. Bc4 Rf8 34. Be7 Re8 35. Bxf7 Rxe7 36. Bxg6+ Kxg6 37. Qf5+ Kh6 38. Qg5+ Kh7 39. Qxe7 Qxc3 40. Qg5 Qh3+ 41. Ke1 Qg3+ 0-1

[Event "Chorzow Bak Memorial op"]
[Site "Chorzow"]
[Date "2008.11.23"]
[Round "9"]
[White "Rzepka, Maciej"]
[Black "Szusterowski, Przemyslaw"]
[Result "0-1"]
[WhiteElo "1760"]
[BlackElo "1733"]
[PlyCount "126"]
[EventDate "2008.11.15"]
[EventType "swiss"]
[EventRounds "9"]
[EventCountry "POL"]
[SourceTitle "EXT 2010"]
[Source "ChessBase"]
[SourceDate "2010.11.25"]
[SourceVersion "1"]
[SourceVersionDate "2010.11.25"]
[SourceQuality "1"]

1. e4 c5 2. Nf3 d6 3. Be2 Nf6 4. d3 Nc6 5. 0-0 Bd7 6. a3 g6 7. Nc3 Bg7 8. Rb1 0-0 9. Nd5 b5 10. Nxf6+ Bxf6 11. Bh6 Re8 12. Kh1 a5 13. Nd2 Nd4 14. c3 Nxe2 15. Qxe2 b4 16. c4 Qc7 17. Qd1 Reb8 18. Qc2 Rb7 19. axb4 Rxb4 20. b3 Rab8 21. Be3 a4 22. bxa4 Rb2 23. Qd1 Qa5 24. Rxb2 Rxb2 25. Nb3 Qxa4 26. Nc1 Qxd1 27. Rxd1 Ba4 28. Rf1 Bc2 29. Kg1 Rb1 30. f3 Bb2 31. Kf2 Bxc1 32. Bxc1 Bxd3 33. Re1 Bxc4 34. Bd2 Rxe1 35. Bxe1 f6 36. Ke3 Kf7 37. Bc3 Ke6 38. g3 f5 39. h4 fxe4 40. fxe4 Kf7 41. Bb2 e6 42. Kd2 Ke7 43. Ba3 Kf6 44. Ke3 h6 45. Kf3 Bb3 46. Ke3 Ke7 47. e5 Kd7 48. Kd2 Kc6 49. Kc3 Bd1 50. exd6 Kxd6 51. Bc1 h5 52. Bf4+ Kd5 53. Be3 c4 54. Ba7 e5 55. Bb8 Bb3 56. Bc7 Bd1 57. Kd2 Bf3 58. Bb6 Ke4 59. Bf2 Bg4 60. Kc3 Kf3 61. Be1 Ke2 62. Bd2 Be6 63. Kc2 Kf2 0-1